Základy systematiky živočíchov

Bibliographic Details
Main Author: Salaj, Ján, 1930- (Author)
Format: Book
Language:Slovak
PhysicalDescription:30 s. Ilustr. 21 cm
Published: Banská Bystrica Metodické centrum 1995
ISBN:8080410623
Subjects:

MARC

LEADER 00000nam a2200000 a 4500
001 vtls001182836
003 SK-MaSNL
005 20260301194639.0
008 240315s1995 xo aa r y slo
015 |a SNBA1996/0501187 
020 |a 8080410623  |c (120 výt.) 
035 |a SNK000125885 
035 |a urn:nbn:sk:snk-amkexw 
035 |a urn:nbn:sk:snk-am003do9 
035 |a AE6701FA-4B3B-4A46-AE05-088F44F8FC6A 
040 |a SNK  |b slo  |c SNK  |e AACR2 
041 0 |a slo 
044 |a xo  |c SK 
080 |a 592/599(072)  |2 1981 
100 1 |a Salaj, Ján,  |d 1930-  |4 aut  |9 119602 
245 1 0 |a Základy systematiky živočíchov  |c Ján Salaj 
260 |a Banská Bystrica  |b Metodické centrum  |c 1995 
300 |a 30 s.  |b Ilustr.  |c 21 cm 
650 0 7 |a systematická zoológia  |x príručky  |2 SNK  |9 62500 
655 7 |a príručky  |2 SNK  |9 74364 
919 |a 80-8041-062-3 
958 |a RM 
958 |a NB 
999 |c 882580  |d 884510 
952 |t P60, <09>, [BOOK], {629}  |a SNK  |b SNK  |y NEVYP  |7 0  |o snkC 525  |i snk1029/960312  |0 0  |1 0  |4 0  |d 1996-03-11  |l 0  |r 2005-01-01 00:00:00  |w 2026-02-24 
952 |t P60, <03>, [BOOK], {603}  |a SNK  |b SNK  |y PREZ  |7 0  |p 17A0000985  |o snkSC 90160  |i snkKSP 2800/96  |0 0  |1 0  |4 0  |d 1996-03-11  |f 1  |l 0  |r 2025-09-09 00:00:00  |w 2026-02-24 
952 |t P60, <04>, [BOOK], {604}  |a SNK  |b SNK  |y VYP  |7 0  |p 17A0000986  |o snkSC 90160 D1  |i snkKSP 2801/96  |0 0  |1 0  |4 0  |d 1996-03-11  |l 0  |r 2005-01-01 00:00:00  |w 2026-02-24